| 000 | 00858nam a22002177a 4500 | ||
|---|---|---|---|
| 999 |
_c19272 _d19272 |
||
| 003 | AR-CdUCM | ||
| 008 | 190517b ||||| |||| 00| 0 spa d | ||
| 040 |
_aMUNICIPALIDAD PROVINCIAL DEL CUSCO _cBIBLIOTECA MUNICIPAL DEL CUSCO |
||
| 082 |
_a338.88 / _bH47 |
||
| 100 |
_aHexner, Ervin _940516 |
||
| 245 | _aCárteles internacionales / | ||
| 260 |
_aMéxico : _bFondo de cultura económica, _c1950. |
||
| 300 |
_a675 páginas ; _c22 cm. |
||
| 505 | _aContenido: Consideraciones generales -- Historia de la palabra cártel -- Limitaciones inherentes a las discusiones sobre cárteles -- El problema de la penetración económica alemana ... | ||
| 650 |
_aCárteles _940517 |
||
| 650 |
_aConcepto _925984 |
||
| 650 |
_aInternacionales _935439 |
||
| 700 |
_aCosío Villegas, Samuel (Traducción) _940518 |
||
| 942 |
_2ddc _cLIBROS |
||
| 945 |
_arah _d2019-05-17 |
||